[Event "Titled Tue 3rd Jan Late"]
[Site "chess.com INT"]
[Date "2023.01.03"]
[Round "8"]
[White "Carlsen, M."]
[Black "Kamsky, G."]
[Result "1-0"]
[WhiteElo "2859"]
[BlackElo "2666"]
[PlyCount "81"]
[EventDate "2023.01.03"]

1. b3 d5 2. Bb2 Bf5 3. Nf3 e6 4. g3 Nf6 5. d3 h6 6. Nbd2 a5 7. a3 Nbd7 8. Bg2 Bh7 ({RR} 8... Be7 9. O-O O-O 10. Ne5 Nxe5 11. Bxe5 Nd7 12. Bb2 Bh7 13. e4 c6 14. Qe2 b5 15. f4 Qb6+ 16. Kh1 Rfe8 17. Rae1 Bf8 18. g4 dxe4 19. Nxe4 a4 20. b4 c5 21. bxc5 Nxc5 22. Nxc5 Bxc5 23. Bxa8 {Fromm,M (2453)-Morefield,J (2233) chess.com INT 2025 1-0}) ({RR} 8... Bc5 9. O-O O-O 10. e3 c6 11. Qe2 Bh7 12. e4 b5 13. Kh1 Qb6 14. Bh3 a4 15. b4 Be7 16. e5 Ne8 17. Nh4 c5 18. bxc5 Bxc5 19. f4 Bd4 20. Bxd4 Qxd4 21. Ndf3 Qc3 22. f5 Nc7 23. Qe3 {Adhiban,B (2532)-Kamsky,G (2609) chess.com INT 2024 0-1 (57)}) 9. O-O Bc5 $146 ({RR} 9... Be7 10. e4 O-O 11. Qe2 a4 12. b4 c5 13. b5 c4 14. dxc4 dxe4 15. Ne1 Nc5 16. f3 Qb6 17. Kh1 exf3 18. Ndxf3 Rad8 19. Ne5 Nfe4 20. N1d3 f6 21. Nxc5 Nxc5 22. Ng4 Qa5 23. Rad1 Rxd1 24. Rxd1 {Jimenez Garcia,E (2364)-Ohanyan,E (2519) Abu Dhabi UAE 2024 0-1 (44)}) 10. e4 dxe4 11. dxe4 O-O 12. Qe2 Qe7 13. Ne1 e5 14. Nd3 Bd4 15. Bxd4 exd4 16. a4 Nd5 17. Rfe1 Nc3 18. Qf1 Rad8 19. Nc4 b6 20. f3 Rfe8 21. Qf2 Nc5 22. Bf1 f6 23. Nf4 Kh8 24. h4 g5 25. Nd5 Qf7 26. Nxc3 dxc3 27. hxg5 fxg5 28. Rad1 Qf6 29. Ne3 c6 30. Ng4 Qg7 31. Qe3 h5 32. Nf2 g4 33. Rxd8 Rxd8 34. fxg4 hxg4 35. Be2 Rd2 36. Rd1 Rxd1+ 37. Bxd1 Qd7 38. Qxc3+ Kg8 39. Bxg4 Qd6 40. Bf5 Bxf5 41. exf5 1-0

[Event "Titled Tue 17th Jan Early"]
[Site "chess.com INT"]
[Date "2023.01.17"]
[Round "4"]
[White "Andreikin, D."]
[Black "Postny, E."]
[Result "1-0"]
[WhiteElo "2729"]
[BlackElo "2556"]
[PlyCount "63"]
[EventDate "2023.01.17"]

1. b3 d5 2. Bb2 Nf6 3. Nf3 c5 4. e3 Nc6 5. Bb5 Bd7 6. O-O e6 7. c4 dxc4 8. bxc4 a6 9. Bxc6 ({RR} 9. Ba4 Qc7 10. Bxf6 gxf6 11. d4 Bd6 12. Nc3 Rg8 13. Ne4 Be7 14. d5 exd5 15. cxd5 Bh3 16. Ng3 b5 17. gxh3 O-O-O 18. Bc2 Bd6 19. Kh1 Nb4 20. Bf5+ Kb8 21. e4 c4 22. Nd4 Ka8 23. a4 bxa4 {Anton Guijarro,D (2668)-Prokofiev,V (2420) chess.com INT 2025 1-0 (33)}) 9... Bxc6 10. Ne5 Rc8 11. d3 $146 ({RR} 11. Qb3 Be7 12. d4 O-O 13. Nxc6 Rxc6 14. Nd2 cxd4 15. exd4 b5 16. Rac1 bxc4 17. Rxc4 Rb6 {½-½ (17) Kaenel,H (2400)-Kelecevic,N (2365) Switzerland 2005}) 11... Bd6 12. Nxc6 Rxc6 13. Nd2 O-O 14. Rb1 Rc7 15. Qf3 e5 16. Bc3 Qe7 17. Ne4 Nxe4 18. Qxe4 Rd7 19. Rb6 f5 20. Qd5+ Kh8 21. Rfb1 Bc7 22. Re6 Rxd5 23. Rxe7 Rxd3 24. Bxe5 Bxe5 25. Rxe5 f4 26. exf4 Rd4 27. g3 Rxc4 28. Rxb7 Rc8 29. Rc7 Rd8 30. Rexc5 Rxc5 31. Rxc5 Kg8 32. Rc6 1-0

[Event "Titled Tue 21st Feb Early"]
[Site "chess.com INT"]
[Date "2023.02.21"]
[Round "11"]
[White "Livaic, Leon"]
[Black "Fier, A."]
[Result "1-0"]
[WhiteElo "2571"]
[BlackElo "2606"]
[PlyCount "75"]
[EventDate "2023.02.21"]

1. e4 c5 2. Nf3 Nf6 3. d3 Nc6 4. Nbd2 d5 5. g3 g6 6. Bg2 Bg7 7. O-O O-O 8. exd5 Nxd5 9. Re1 e5 10. Nc4 f6 11. c3 ({RR} 11. a4 Be6 12. c3 Qc7 13. Nfd2 Rad8 14. a5 Bf7 15. Qa4 f5 16. Qb5 Nde7 17. Nf3 a6 18. Qxc5 Rd5 19. Qe3 Rfd8 20. Bf1 Rb5 21. Ng5 Nxa5 22. Nxf7 Kxf7 23. Nxa5 Rxa5 24. Rxa5 Qxa5 25. f4 Nc6 {Livaic,L (2558)-Girel,J (2462) Aix-en-Provence FRA 2023 ½-½ (52)}) 11... Bf5 $146 ({RR} 11... b5 12. Ne3 Be6 13. Nxd5 Bxd5 14. Be3 Qe7 15. Nd2 Rfd8 16. Bxd5+ Rxd5 17. Qb3 Qd7 18. Qxb5 Rb8 19. Qa4 Rxb2 20. Nb3 Nd4 21. Qxd7 Nf3+ 22. Kh1 Rxd7 23. Reb1 Rxb1+ 24. Rxb1 Rxd3 25. Kg2 Ng5 26. Nxc5 {Benko,P-Olafsson,F Reykjavik 1957 1-0 (37)}) ({RR} 11... Be6 12. a4 Qd7 13. Nfd2 b6 14. Ne4 Rfd8 15. a5 Rab8 16. axb6 axb6 17. h4 h6 18. Qe2 f5 19. Ned2 b5 20. Na5 Nxa5 21. Rxa5 Bf7 22. Ra6 Rb6 23. Ra5 Nf6 24. c4 Ng4 25. Bf3 h5 26. b3 {Niemann,H (2688)-Vidit,S (2721) North Richland Hills, TX USA 2024 1-0 (63)}) ({RR} 11... Be6 12. a4 Qc7 13. a5 b5 14. axb6 axb6 15. Rxa8 Rxa8 16. Nfd2 Rb8 17. Na3 Qd7 18. Qa4 Nde7 19. Ndc4 Bd5 20. Bxd5+ Qxd5 21. Rd1 h5 22. Nb5 Kh7 23. h4 Qf3 24. Qc2 {½-½ (24) Korobov,A (2650)-Heimann,A (2556) Baden Baden GER 2025}) 12. Nh4 Be6 13. a4 Bf7 14. a5 Qd7 15. Qa4 Rad8 16. Qb5 Qe7 17. a6 Rb8 18. axb7 Qxb7 19. Qxb7 Rxb7 20. Nd6 Rd7 21. Nxf7 Kxf7 22. f4 Rfd8 23. Nf3 exf4 24. gxf4 Nde7 25. Be3 Rxd3 26. Bxc5 Nd5 27. f5 gxf5 28. Ra6 Ne5 29. Rxa7+ Kg8 30. Nh4 Nf4 31. Nxf5 Bf8 32. Bxf8 Rxf8 33. Be4 Nf3+ 34. Bxf3 Rxf3 35. Nh6+ Kh8 36. Ree7 Nh3+ 37. Kg2 Ng5 38. h4 1-0

[Event "Titled Tue 28th Feb Early"]
[Site "chess.com INT"]
[Date "2023.02.28"]
[Round "10"]
[White "Adhiban, Baskaran"]
[Black "Livaic, Leon"]
[Result "1-0"]
[WhiteElo "2610"]
[BlackElo "2571"]
[PlyCount "53"]
[EventDate "2023.02.28"]

1. b3 d5 2. Bb2 Bg4 3. Nf3 Bxf3 4. exf3 Nf6 5. g3 g6 6. Qe2 ({RR} 6. Bg2 Bg7 7. O-O O-O 8. f4 e6 9. d4 c5 10. dxc5 Nc6 11. a3 a5 12. c4 dxc4 13. bxc4 a4 14. Nd2 Qa5 15. Bxf6 Bxf6 16. Ne4 Bxa1 17. Qxa1 Rfd8 18. Nf6+ Kf8 19. Nxh7+ Kg8 20. Nf6+ Kf8 {Anton Guijarro,D (2666)-Laznicka,V (2647) Riadh 2017 0-1 (34)}) ({RR} 6. Bg2 Bg7 7. O-O O-O 8. f4 c5 9. c4 Nc6 10. d3 d4 11. Bxc6 bxc6 12. Nd2 Re8 13. Re1 Qd6 14. Qf3 h5 15. Re2 e6 16. h3 Bh6 17. Kg2 a5 18. a4 Rab8 19. Ba3 Rb6 20. Rae1 Reb8 {Kuzhylnyi,O (2277)-Danada,T (2175) chess.com INT 2025 1-0 (74)}) ({RR} 6. Bg2 Bg7 7. O-O O-O 8. f4 e6 9. d4 Nbd7 10. Nd2 c5 11. c4 cxd4 12. Bxd4 Qa5 13. cxd5 Nxd5 14. Bxg7 Kxg7 15. Nc4 Qc5 16. Rc1 N7f6 17. Ne3 Qa5 18. Nxd5 exd5 19. a4 Rac8 20. Qd4 Qb6 {Schekachikhin,M (2376)-Livaic,L (2576) Chess.com INT 2022 ½-½ (76)}) 6... Nbd7 $146 ({RR} 6... Bg7 7. Qb5+ Nbd7 8. Qxb7 O-O 9. Bh3 e6 10. O-O c5 11. Qa6 Qc7 12. Qe2 Rab8 13. d3 Ne8 14. Bxg7 Kxg7 15. Nd2 Nd6 16. c4 Rfe8 17. f4 d4 18. Nf3 a5 19. Ne5 f6 20. Nxd7 Qxd7 21. Rfe1 {Rogers,I (2570)-Stripunsky,A (2475) New York 1998 1-0 (41)}) 7. Bxf6 Nxf6 8. Qb5+ c6 9. Qxb7 Rc8 10. Nc3 Bg7 11. Bh3 Rc7 12. Qa6 O-O 13. O-O e5 14. Rfe1 Re8 15. Rad1 Nd7 16. Bxd7 Qxd7 17. Kg2 f5 18. b4 Rb8 19. a3 c5 20. bxc5 Rxc5 21. Rb1 Rcc8 22. Rxb8 Rxb8 23. Rb1 Rxb1 24. Nxb1 d4 25. d3 h5 26. Qxg6 Qc6 27. Qxc6 1-0

[Event "PRO League Prelim 2023"]
[Site "chess.com INT"]
[Date "2023.03.02"]
[Round "3.3"]
[White "Saric, Iv"]
[Black "Sevian, Samuel"]
[Result "1-0"]
[WhiteElo "2661"]
[BlackElo "2687"]
[PlyCount "125"]
[EventDate "2023.02.14"]
[WhiteTeam "Canada ChessBrahs"]
[BlackTeam "Garden State Passers"]

1. e4 e5 2. Nf3 Nc6 3. g3 g6 4. Bg2 Bg7 5. O-O d6 6. c3 Nf6 7. Re1 ({RR} 7. d4 O-O 8. dxe5 dxe5 9. Qc2 h6 10. h3 a5 11. a4 Be6 12. b3 Qc8 13. Kh2 Rd8 14. Ba3 Qd7 15. Nbd2 Bf8 16. Bxf8 Kxf8 17. Rfd1 Qe7 18. Bf1 Nd7 19. Nc4 Qf6 20. Ne1 Nc5 21. Kg2 Kg7 {Abdusattorov,N (2263)-Petrosian,T (2671) Tashkent 2015 0-1 (59)}) 7... O-O 8. h3 Re8 $146 ({RR} 8... h6 9. d4 Nh5 10. Na3 Kh7 11. Nc4 Qe7 12. a4 a6 13. b3 Nd8 14. dxe5 dxe5 15. Ba3 c5 16. Ne3 Ne6 17. Nd5 Qe8 18. b4 Bd7 19. bxc5 Bc6 20. Nd2 f5 21. exf5 gxf5 22. Nc4 e4 23. Nd6 {Lasya,G (2059)-Souza dos Santos,M (1967) chess.com INT 2025 1-0 (50)}) 9. d3 a5 10. a4 b6 11. Na3 Ba6 12. Nb5 Qd7 13. Be3 Nd8 14. c4 Ne6 15. Qc2 Nc5 16. Rad1 Bb7 17. b3 h6 18. Nc3 Kh7 19. g4 Qc8 20. Nd5 Nxd5 21. cxd5 c6 22. d4 cxd5 23. dxc5 dxe4 24. c6 Qxc6 25. Qxc6 Bxc6 26. Rxd6 exf3 27. Rxc6 fxg2 28. Rxb6 Bf8 29. Kxg2 Rab8 30. Rb5 Bb4 31. Rd1 Rbd8 32. Rxd8 Rxd8 33. Bb6 Rd3 34. Bxa5 Bxa5 35. Rxa5 Rxb3 36. Rxe5 Ra3 37. a5 g5 38. f3 Kg6 39. Kf2 h5 40. Rb5 f6 41. Rf5 h4 42. Ke2 Ra2+ 43. Ke3 Rh2 44. Rb5 Rxh3 45. Rb1 Rh2 46. Ra1 Rc2 47. a6 Rc8 48. a7 Ra8 49. Kd4 f5 50. Kd5 fxg4 51. fxg4 h3 52. Kc6 Kf6 53. Kb7 Rxa7+ 54. Kxa7 Ke5 55. Rf1 Ke4 56. Kb6 Ke3 57. Kc5 Ke2 58. Rh1 Kf3 59. Rxh3+ Kxg4 60. Re3 Kf4 61. Kd4 g4 62. Kd3 g3 63. Ke2 1-0

[Event "Titled Tue 7th Mar Early"]
[Site "chess.com INT"]
[Date "2023.03.07"]
[Round "6"]
[White "Erigaisi, Arjun"]
[Black "Sjugirov, S."]
[Result "1-0"]
[WhiteElo "2701"]
[BlackElo "2712"]
[PlyCount "83"]
[EventDate "2023.03.07"]

1. b3 d5 2. Bb2 Bf5 3. Nf3 e6 4. c4 Nf6 5. Nh4 ({RR} 5. cxd5 exd5 6. d3 Bd6 7. g3 O-O 8. Bg2 c6 9. O-O Nbd7 10. Nh4 Bg4 11. h3 Be6 12. f4 Nh5 13. Qe1 Re8 14. Bf3 Ndf6 15. e3 Bxh3 16. Rf2 Ng4 17. Re2 Bc5 18. Nf5 Qd7 19. Nd4 Re7 {Subelj,J (2511)-Lobanov,S (2507) chess.com INT 2024 1-0 (36)}) 5... Bg4 6. h3 Bh5 7. g4 Bg6 $146 ({RR} 7... Ne4 8. Ng2 Bg6 9. e3 Nc6 10. cxd5 exd5 11. a3 d4 12. d3 Nd6 13. e4 h5 14. Be2 hxg4 15. Bxg4 Ne5 16. O-O c5 17. b4 Nxg4 18. hxg4 Nb5 19. bxc5 Bxc5 20. a4 Nc7 21. Nd2 f6 22. Nb3 {De Herdt,Y (2146)-Mirzoev,A (2506) Charleroi 2018 ½-½ (56)}) 8. Nxg6 hxg6 9. Bg2 c6 10. e3 Nbd7 11. Nc3 Bd6 12. Qe2 Qe7 13. O-O-O Ba3 14. d4 Bxb2+ 15. Kxb2 dxc4 16. bxc4 Qb4+ 17. Kc2 Rb8 18. Rb1 Qa5 19. Rb3 O-O 20. Rhb1 Qc7 21. g5 Ne8 22. h4 Nd6 23. h5 c5 24. d5 Ne5 25. dxe6 fxe6 26. hxg6 Nxg6 27. f4 Qf7 28. Rh1 Rfd8 29. Kb2 a6 30. a4 b5 31. axb5 axb5 32. Nxb5 Nxc4+ 33. Qxc4 Rd2+ 34. Kc1 Rxg2 35. Nd6 Rxb3 36. Nxf7 Ra3 37. Kb1 Kxf7 38. f5 Nf8 39. g6+ Kf6 40. Qh4+ Ke5 41. Qf4+ Kf6 42. fxe6+ 1-0

[Event "Titled Tue 14th Mar Early"]
[Site "chess.com INT"]
[Date "2023.03.14"]
[Round "3"]
[White "Wei Yi"]
[Black "Salinas Herrera, P."]
[Result "1-0"]
[WhiteElo "2722"]
[BlackElo "2506"]
[PlyCount "123"]
[EventDate "2023.03.14"]

1. b3 d5 2. Bb2 Bf5 3. d3 e6 4. Nd2 Nf6 5. g3 h6 6. Bg2 Bh7 7. Ngf3 Be7 8. O-O O-O 9. Re1 c6 10. e4 a5 11. a3 Nbd7 12. Qe2 b5 ({RR} 12... Qb6 13. a4 Rfc8 14. Rac1 Bc5 15. e5 Ne8 16. Nf1 Qd8 17. Ne3 Nc7 18. Kh1 b5 19. Nd4 bxa4 20. bxa4 Nb6 21. Ra1 Na6 22. Nb3 Be7 23. f4 Qd7 24. f5 exf5 25. Qf3 Nc5 26. Nxc5 Bxc5 27. d4 {Caruana,F (2792)-Giri,A (2772) Wijk aan Zee 2022 0-1 (51)}) 13. Nd4 Qb6 14. exd5 $146 ({RR} 14. c4 Bc5 15. Nc2 bxc4 16. dxc4 d4 17. Rf1 Ne5 18. Ne1 Nfg4 19. Nd3 Nxd3 20. Qxd3 Ne5 21. Qb1 Rad8 22. h3 Nd7 23. Qd3 e5 24. f4 f5 25. Rae1 Rde8 26. Kh1 Qc7 27. Qe2 Bd6 28. c5 Bxc5 {Toth,N (1866)-Blanquet,C (2028) Mamaia 2022 0-1 (40)}) ({RR} 14. Kh1 Bc5 15. N2f3 e5 16. Nf5 Bxf5 17. exf5 Bxf2 18. Rf1 Bc5 19. Nxe5 Nxe5 20. Qxe5 Rfe8 21. Qf4 Qb8 22. Qh4 Be7 23. Rae1 Qc7 24. g4 Nh7 25. Qf2 Bf6 26. Bc1 Bc3 27. Re2 Qd7 28. Bf4 Rxe2 {Jumabayev,R (2549)-Pajcin,L (2243) chess.com INT 2025 1-0 (56)}) 14... cxd5 15. Bh3 Bc5 16. N2f3 b4 17. a4 Rfe8 18. Nb5 Rac8 19. Rac1 Rcd8 20. Qd2 Bg6 21. Ne5 Nxe5 22. Bxe5 Nd7 23. Bc7 Qa6 24. Bxd8 Rxd8 25. Nc7 Qb7 26. Nb5 Qb6 27. Re2 Nf6 28. Rce1 Bh5 29. Re5 Bg6 30. Rf1 Qb8 31. Ree1 Bf8 32. Kh1 Nd7 33. f4 Nf6 34. f5 exf5 35. Bxf5 Bh5 36. Qf4 Qb6 37. g4 Bg6 38. Bxg6 fxg6 39. g5 hxg5 40. Qxg5 Rc8 41. Qxg6 Rxc2 42. Rg1 Qf2 43. Qg2 Qc5 44. d4 Qc8 45. Re2 Rxe2 46. Qxe2 Ne4 47. Qg2 Qf5 48. Rf1 Qh5 49. Nc7 Bd6 50. Ne6 Ng3+ 51. Kg1 Ne2+ 52. Kf2 Qf5+ 53. Kxe2 Qxe6+ 54. Kd1 Be7 55. Qc2 Bf6 56. Qd3 Qg4+ 57. Kc2 Qg2+ 58. Kb1 Bxd4 59. Kc1 Qb2+ 60. Kd1 Qa1+ 61. Ke2 Qb2+ 62. Qd2 1-0

[Event "Titled Tue 14th Mar Early"]
[Site "chess.com INT"]
[Date "2023.03.14"]
[Round "8"]
[White "Caruana, F."]
[Black "Aditya, Mittal"]
[Result "1-0"]
[WhiteElo "2766"]
[BlackElo "2505"]
[PlyCount "67"]
[EventDate "2023.03.14"]

1. b3 d5 2. Bb2 Nf6 3. e3 Bf5 4. Nf3 e6 5. Nh4 Bg6 ({RR} 5... Be4 6. d3 Bg6 7. Nxg6 hxg6 8. Nd2 a5 9. a3 Nbd7 10. g3 Bd6 11. Bg2 c6 12. Qe2 e5 13. e4 Qe7 14. O-O dxe4 15. dxe4 O-O 16. a4 Nb6 17. Rfd1 Rfd8 18. h3 Bb4 19. Nf3 Nfd7 20. h4 {Nakamura,H (2768)-Nihal,S (2670) chess.com INT 2022 1-0 (51)}) 6. Nxg6 hxg6 7. d3 ({RR} 7. g3 Nbd7 8. Bg2 Rc8 ({RR} 8... c6 9. d3 e5 ({RR} 9... Be7 10. Nd2 a5 11. a3 Qc7 12. O-O O-O 13. Qe2 Rfd8 14. Rfc1 Nf8 15. Nf3 N6d7 16. e4 dxe4 17. dxe4 Nc5 18. Qe3 Nfd7 19. h3 Bf8 20. Rf1 e5 21. Rfd1 Ne6 22. Qc3 f6 23. Qc4) ({RR} 9... Bd6 10. Nd2 O-O 11. a3 Be5 12. c3 Bc7 13. h4 e5 14. g4 Nc5 15. Bf1 e4 16. g5 Nh5 17. d4 Nd3+ 18. Bxd3 exd3 19. Qb1 Nf4 20. Kf1 Qe7 21. Qd1 Ne2 22. Qb1 Nf4 23. a4) 10. Nd2 Bd6 11. Qe2 Qe7 12. a3 a5 13. c4 O-O 14. O-O Rab8 15. g4 g5 16. Rfd1 b5 17. h3 bxc4 18. dxc4 e4 19. b4 axb4 20. axb4 Be5 21. Bxe5 Nxe5 22. b5 dxc4 23. Nxc4) 9. d3 Be7 10. Nd2 c5 11. c4 Nb6 12. Qe2 Qd7 13. O-O O-O 14. a4 Rfd8 15. Rfd1 dxc4 16. Nxc4 Nxc4 17. bxc4 Qc7 18. h4 Nd7 19. h5 gxh5 20. Qxh5 Bf6 21. Bxf6 Nxf6 {Oliveira,A (1664)-De Souza,J (1839) Florianopolis SC 2025 0-1 (41)}) 7... c5 $146 ({RR} 7... Bd6 8. Nd2 c6 9. Be2 Nbd7 10. f4 Qc7 11. Nf3 e5 12. g3 O-O-O 13. Qd2 Rde8 14. Ng5 exf4 15. exf4 Re7 16. O-O-O Nc5 17. Kb1 Rhe8 18. Bf1 Kb8 19. Qc3 Ng4 20. Qd2 Ne3 21. Rc1 f6 22. Nf3 {Langensteiner,M-Wiest,L Augsburg 1995 ½-½ (60)}) 8. Nd2 Nc6 9. g3 Bd6 10. Bg2 Qc7 11. Qe2 b5 12. O-O a5 13. c4 bxc4 14. dxc4 Be5 15. Bxe5 Nxe5 16. cxd5 exd5 17. e4 d4 18. f4 d3 19. Qe1 Neg4 20. e5 c4 21. exf6+ Kf8 22. Qe7+ Qxe7 23. fxe7+ Kxe7 24. Bxa8 c3 25. Ne4 c2 26. Bd5 Rxh2 27. Rac1 f5 28. Ng5 d2 29. Rxc2 Ne3 30. Rxd2 Rxd2 31. Re1 Kd6 32. Rxe3 Kxd5 33. Re5+ Kd6 34. Rxa5 1-0

[Event "Titled Tue 14th Mar Early"]
[Site "chess.com INT"]
[Date "2023.03.14"]
[Round "9"]
[White "Wei Yi"]
[Black "Rustemov, A."]
[Result "1-0"]
[WhiteElo "2722"]
[BlackElo "2525"]
[PlyCount "115"]
[EventDate "2023.03.14"]

1. b3 d5 2. Bb2 Nf6 3. e3 Bf5 4. Be2 e6 5. Nf3 h6 6. h3 Be7 7. d3 ({RR} 7. c4 a5 8. Nc3 c6 9. d4 Nbd7 10. Bd3 O-O 11. Bxf5 exf5 12. Qd3 g6 13. g4 fxg4 14. hxg4 Nxg4 15. cxd5 cxd5 16. Nxd5 Ndf6 17. Nf4 Qe8 18. Ne5 Rd8 19. Nxg4 Nxg4 20. Qe2 Bb4+ 21. Kf1 Qe4 {Gritsenko,N (2309)-Xiong,J (2692) chess.com INT 2023 0-1 (38)}) ({RR} 7. c4 c6 8. Nc3 Nbd7 9. O-O O-O 10. Rc1 Re8 11. d3 Bh7 12. Qd2 Bd6 13. d4 Ne4 14. Nxe4 Bxe4 15. Qd1 Qe7 16. Bd3 f5 17. Ne1 Qh4 18. Nf3 Qf6 19. Ne1 Qg5 20. Nf3 Bxf3 21. Qxf3 Nf6 {Domingo Nunez,R (2417)-Rustemov,A (2525) chess.com INT 2023 1-0 (91)}) 7... Nbd7 8. Nbd2 c6 9. a3 $146 ({RR} 9. g4 Bg6 10. Rg1 Qc7 11. g5 hxg5 12. Nxg5 Rh6 13. Nf1 O-O-O 14. Qd2 Ne8 15. h4 Bf6 16. Bxf6 Ndxf6 17. Rh1 Nd6 18. Ng3 Rdh8 19. Qb4 Nf5 20. Nxf5 Bxf5 21. O-O-O c5 22. Qa4 b6 23. Kb1 Bg6 {Ynojosa Aponte,F (2448)-Ferrara,A (2166) Panama City 2013 1-0}) 9... a5 10. c4 Bd6 11. Qc2 Qe7 12. g4 Bg6 13. Rg1 e5 14. Nh4 O-O 15. g5 hxg5 16. Nxg6 fxg6 17. Rxg5 Qf7 18. O-O-O Nh7 19. Rg2 g5 20. Rdg1 Qe7 21. h4 Bxa3 22. hxg5 g6 23. Bxa3 Qxa3+ 24. Qb2 Qe7 25. Kb1 a4 26. b4 a3 27. Qb3 Kg7 28. Ka2 Nb6 29. Rb1 Rf5 30. Bg4 Rf7 31. Rh1 Nxg5 32. Rhg1 dxc4 33. Nxc4 Nd5 34. Be2 Qxb4 35. Qxb4 Nxb4+ 36. Kb3 a2 37. Rxg5 a1=Q 38. Rxa1 Rxa1 39. Kxb4 Rxf2 40. Bg4 Kf6 41. Rxe5 Rb1+ 42. Kc3 Rc1+ 43. Kd4 b5 44. Nd6 c5+ 45. Kd5 b4 46. Ne4+ Kg7 47. Nxf2 b3 48. Re7+ Kh6 49. Rb7 Rc3 50. Bd1 c4 51. Kd4 Rc1 52. dxc4 g5 53. Rxb3 g4 54. Nxg4+ Kg5 55. Nf2 Kh4 56. e4 Kg5 57. Rg3+ Kf4 58. Rg4# 1-0

[Event "Titled Tue 21st Mar Early"]
[Site "chess.com INT"]
[Date "2023.03.21"]
[Round "10"]
[White "Erigaisi, Arjun"]
[Black "Rustemov, A."]
[Result "1-0"]
[WhiteElo "2701"]
[BlackElo "2525"]
[PlyCount "77"]
[EventDate "2023.03.21"]

1. b3 d5 2. Bb2 Nf6 3. e3 Bf5 4. Nf3 h6 5. Bxf6 ({RR} 5. d3 e6 6. Nbd2 Be7 7. h3 Bh7 8. g4 c5 9. Ne5 Nbd7 10. Nxd7 Qxd7 11. Bg2 d4 12. O-O O-O 13. Nc4 Rad8 14. Qf3 Nd5 15. exd4 cxd4 16. Bxd4 Nb4 17. Bc3 Nxc2 18. Rad1 Nd4 19. Qe3 Bf6 {Radjabov,T (2765)-Ding,L (2791) Chess.com INT 2020 0-1 (53)}) 5... gxf6 6. d4 $146 ({RR} 6. c4 c6 7. Nc3 e5 8. a3 Be7 9. d4 e4 10. Nh4 Be6 11. g3 Nd7 12. Be2 f5 13. Ng2 Nf6 14. Nf4 Bd6 15. Qd2 Bxf4 16. gxf4 Qd7 17. Rg1 O-O-O 18. c5 Rdg8 19. O-O-O Qe7 20. Rg3 Ng4 {Popchev,M (2193)-Ahmad,K (1933) Arandjelovac 2022 ½-½ (105)}) 6... c6 7. Bd3 Bxd3 8. Qxd3 e6 9. c4 Nd7 10. Nc3 f5 11. O-O Bd6 12. c5 Bc7 13. b4 a6 14. a4 Nf6 15. b5 O-O 16. b6 Bb8 17. Nd2 h5 18. f4 Kg7 19. Nb3 Rg8 20. Na5 Qd7 21. Rf3 Kf8 22. Raf1 Ke7 23. Rh3 Rg4 24. Nd1 Kd8 25. Nf2 Rg6 26. Qe2 Kc8 27. Rxh5 Nxh5 28. Qxh5 Qe8 29. Qh7 Rg8 30. Nd3 Rh8 31. Qg7 Rg8 32. Qf6 Rg6 33. Qh4 Qf8 34. Rf3 Rh6 35. Qf2 Qg7 36. Rg3 Qh7 37. h3 f6 38. Nb4 Rg6 39. Nbxc6 1-0

[Event "Titled Tue 21st Mar Late"]
[Site "chess.com INT"]
[Date "2023.03.21"]
[Round "7"]
[White "Li, Ruifeng"]
[Black "Naroditsky, D."]
[Result "1-0"]
[WhiteElo "2541"]
[BlackElo "2618"]
[PlyCount "47"]
[EventDate "2023.03.21"]

1. b3 b5 2. Bb2 Bb7 3. Nf3 Nf6 4. e3 a6 5. c4 b4 ({RR} 5... bxc4 6. bxc4 e6 7. Nc3 c5 8. Rb1 Nc6 9. Be2 Be7 10. O-O O-O 11. Nd5 exd5 12. Bxf6 Bxf6 13. Rxb7 dxc4 14. Qa4 Qc8 15. Rfb1 d5 16. h3 h6 17. R7b6 Ne7 18. Qa3 Ra7 19. Nh2 Ng6 20. Bg4 {Damljanovic,B (2552)-Perunovic,M (2696) Belgrade 2014 1-0 (38)}) 6. d4 e6 7. Bd3 Be7 $146 ({RR} 7... c5 8. O-O Be7 9. Nbd2 O-O 10. e4 h6 11. d5 d6 12. Re1 e5 13. Nf1 g6 14. Qd2 Kg7 15. Ng3 Bc8 16. h3 Rh8 17. Nh2 Nbd7 18. f4 Nh7 19. fxe5 Nxe5 20. Nf3 f6 21. Nxe5 fxe5 22. Rf1 {Habitzreiter,C (1683)-Dos Anjos,D (1678) Londrina 2018 ½-½ (40)}) 8. g4 Ne4 9. Rg1 O-O 10. Nbd2 Nxd2 11. Nxd2 c5 12. dxc5 Qc7 13. Qc2 h6 14. O-O-O a5 15. f4 a4 16. g5 h5 17. Rg3 axb3 18. axb3 Rc8 19. Rh3 Na6 20. Rxh5 Nxc5 21. Be2 Bd6 22. Qh7+ Kf8 23. Qxg7+ Ke8 24. Rh8+ 1-0

[Event "Titled Tue 28th Mar Early"]
[Site "chess.com INT"]
[Date "2023.03.28"]
[Round "6"]
[White "Shimanov, A."]
[Black "Bluebaum, M."]
[Result "1-0"]
[WhiteElo "2581"]
[BlackElo "2661"]
[PlyCount "95"]
[EventDate "2023.03.28"]

1. b3 d5 2. Bb2 c5 3. e3 a6 4. Nf3 Nc6 5. Be2 Nf6 6. O-O Bf5 ({RR} 6... d4 7. Re1 g6 8. exd4 cxd4 9. c3 dxc3 10. dxc3 Qxd1 11. Rxd1 Bg7 12. c4 O-O 13. Nbd2 Bf5 14. Nf1 Rfd8 15. Ne3 Nd7 16. Bxg7 Kxg7 17. Nd4 Be4 18. f3 Nc5 19. Ndc2 Bxc2 20. Nxc2 a5 21. Kf2 {Giri,A (2761)-Anand,V (2751) Stavanger 2022 ½-½ (45)}) 7. Nh4 ({RR} 7. d4 e6 8. Nbd2 cxd4 9. Nxd4 Nxd4 10. Bxd4 Rc8 11. c4 Bc5 12. Bxc5 Rxc5 13. b4 Rc7 14. c5 O-O 15. Rc1 e5 16. Nb3 Qe7 17. Bd3 Be6 18. Qd2 h5 19. f4 exf4 20. exf4 Ne4 21. Qb2 Qf6 {Rakhmatullaev,A (2407)-Shimanov,A (2593) chess.com INT 2025 1-0 (62)}) 7... Bg6 8. c4 $146 ({RR} 8. f4 e6 9. Nf3 Be7 10. h3 O-O 11. d3 Qc7 12. Nbd2 Rfd8 13. Nh2 c4 14. bxc4 Qb6 15. Rb1 Qxe3+ 16. Kh1 Ne8 17. Ng4 Qc5 18. Nb3 Qb6 19. cxd5 Rxd5 20. Ne5 Nxe5 21. fxe5 Rd7 22. Bh5 Nc7 {Van Riemsdijk,V-Pavia,A Americana 1996 1-0 (70)}) 8... d4 9. e4 Bxe4 10. d3 Bg6 11. Bf3 Qd7 12. Re1 e6 13. Nxg6 hxg6 14. Nd2 Bd6 15. g3 Ne5 16. Be2 g5 17. Nf3 Nxf3+ 18. Bxf3 e5 19. Bg2 g4 20. b4 Qc7 21. bxc5 Bxc5 22. Qe2 Rh5 23. Rab1 Kf8 24. Bc1 Rb8 25. f3 Qd7 26. fxg4 Nxg4 27. h3 Nf6 28. g4 Rh8 29. Qxe5 Bd6 30. Qg5 Qc7 31. Rf1 Bh2+ 32. Kh1 Bg3 33. Ba3+ Kg8 34. Rxf6 Bh4 35. Qf4 Qd7 36. Qxb8+ Kh7 37. Be4+ g6 38. Qf4 Kg8 39. Kg2 Bxf6 40. Qxf6 Rh7 41. Bd5 Rh5 42. Qxg6+ Kh8 43. Qxh5+ Kg7 44. Qg5+ Kh7 45. Rxb7 Qxd5+ 46. cxd5 a5 47. Rxf7+ Kh8 48. Qg7# 1-0

[Event "Titled Tue 28th Mar Late"]
[Site "chess.com INT"]
[Date "2023.03.28"]
[Round "10"]
[White "Erigaisi, Arjun"]
[Black "Rustemov, A."]
[Result "1-0"]
[WhiteElo "2701"]
[BlackElo "2525"]
[PlyCount "103"]
[EventDate "2023.03.28"]

1. b3 d5 2. Bb2 Nf6 3. Nf3 Bf5 4. Nh4 Bd7 5. c4 e6 6. Nf3 c5 7. e3 ({RR} 7. cxd5 exd5 8. e3 Nc6 9. Be2 Bd6 10. O-O O-O 11. d4 Rc8 12. dxc5 Bxc5 13. Nc3 Bg4 14. Rc1 Bd6 15. h3 Bh5 16. Nh4 Bg6 17. Nxg6 hxg6 18. Bf3 d4 19. Nb5 Bb8 20. Nxd4 Ne5 21. Ba3 Rxc1 {Nakamura,H (2802)-Erigaisi,A (2777) chess.com INT 2025 1-0 (70)}) 7... Nc6 8. Nc3 $146 ({RR} 8. Be2 Be7 9. O-O O-O 10. cxd5 Nxd5 11. Nc3 Nxc3 12. dxc3 Qc7 13. Qc2 Rad8 14. c4 Nb4 15. Qb1 Bc8 16. a3 Nc6 17. h4 f5 18. Rd1 e5 19. Qc2 e4 20. Ng5 h6 21. Nh3 Bxh4 22. Nf4 Qf7 {Bartel,M (2616)-Grabarczyk,M (2371) Bydgoszcz 2022 ½-½ (46)}) ({RR} 8. Be2 Bd6 9. d4 cxd4 10. exd4 Qa5+ 11. Bc3 Qc7 12. Nbd2 O-O 13. c5 Bf4 14. g3 Bh6 15. Qc2 a5 16. O-O b6 17. Qb2 Rfe8 18. Bb5 Nxd4 19. Bxd4 Bxb5 20. cxb6 Qd6 21. b7 Rad8 22. Be5 Qb6 {Xie,F (2284)-Morris,J (2433) Melbourne AUS 2025 0-1 (60)}) 8... d4 9. Ne2 e5 10. exd4 exd4 11. Ng3 Bd6 12. Bd3 O-O 13. O-O Re8 14. Re1 g6 15. Ne4 Nxe4 16. Bxe4 Qc7 17. h3 Re7 18. d3 Rae8 19. Bc1 Bf4 20. Bxf4 Qxf4 21. Qc1 Qxc1 22. Raxc1 b6 23. a3 Ne5 24. Nxe5 Rxe5 25. f4 R5e7 26. Kf2 f5 27. Bd5+ Kg7 28. Rxe7+ Rxe7 29. b4 Re3 30. bxc5 bxc5 31. Rb1 Kf6 32. Rb7 Be8 33. Rxh7 Rxd3 34. Rxa7 Rd2+ 35. Ke1 Rc2 36. g4 fxg4 37. hxg4 d3 38. a4 Ra2 39. Ra6+ Ke7 40. Bc6 Bxc6 41. Rxc6 Rxa4 42. Rxc5 Ra2 43. Re5+ Kf6 44. g5+ Kf7 45. c5 Rc2 46. Kd1 Kf8 47. Rd5 Kf7 48. Rd7+ Ke6 49. Rd6+ Kf7 50. c6 Kg7 51. Rd7+ Kf8 52. c7 1-0